000 00669nam a2200265Ia 4500
005 20260121171917.0
008 008 260114s9999 xx 000 0 eng d
020 _a9789811547713
037 _aEBOOK
040 _aCRL
040 _beng
040 _cCRL
041 _2eng
041 _aeng
084 _qCRL
100 _aBingjun Yang, Wen Li
_91081949
245 0 _aCorpus-based Approaches to Grammar, Media and Health Discourses
260 _bSpringer
260 _bSpringer
260 _c2020
856 _uhttps://link.springer.com/openurl?genre=book&isbn=978-981-15-4771-3
942 _cEBOOK
999 _c1647682
_d1647682